En el río del lenguaje : (ensayos + entrevistas) /

Bibliographic Details
Main Author: Quevedo, Aleyda, 1972- (Author)
Other Authors: Valencia Assogna, Leonardo, 1969- (contributor agent of text.)
Format: Electronic eBook
Language:Spanish
Published: Cuenca, Ecuador : Universidad del Azuay, Casa Editora, [2025]
Series:Litterae (Cuenca, Ecuador). Ensayo.
Subjects:
Online Access:Digitalia Hispánica

MARC

LEADER 00000nam a2200000 i 4500
001 DIGUAZUAY0305
003 NyNyDIG
007 cr |||||||||||
008 260120s2025 ec ob 000 e spa d
006 m o d
035 |a (OCoLC)1536988607 
040 |a DGITA  |b eng  |e rda  |e pn  |c DGITA 
020 |a 9789942670892  |q eBook 
020 |z 9789942670885 
050 1 4 |a PQ8214.5.E5 ebook 
100 1 |a Quevedo, Aleyda,  |d 1972-  |e author. 
245 1 0 |a En el río del lenguaje :  |b (ensayos + entrevistas) /  |c Aleyda Quevedo Rojas ; prólogo de Leonardo Valencia. 
264 1 |a Cuenca, Ecuador :  |b Universidad del Azuay, Casa Editora,  |c [2025] 
300 |a 1 online resource. 
336 |a text  |b txt  |2 rdacontent 
337 |a computer  |b c  |2 rdamedia 
338 |a online resource  |b cr  |2 rdacarrier 
347 |a text file  |2 rdaft 
347 |b PDF 
490 1 |a Litterae. Ensayo 
504 |a Includes bibliographical references. 
588 0 |a Online resource; title from PDF title page (Digitalia, viewed January 20, 2026) 
650 0 |a Ecuadorian poetry  |y 20th century. 
650 0 |a Ecuadorian poetry  |y 21st century. 
700 1 |a Valencia Assogna, Leonardo,  |d 1969-  |e contributor agent of text. 
791 2 |a Digitalia (Firm),  |e distributor. 
793 0 |g Digitalia eBook Collection:  |a Universidad del Azuay 
776 0 8 |i Print version:  |a Quevedo, Aleyda, 1972-  |t En el río del lenguaje.  |d Cuenca, Ecuador : Universidad del Azuay, Casa Editora, [2025]  |z 9789942670885 
830 0 |a Litterae (Cuenca, Ecuador).  |p Ensayo. 
856 4 0 |3 Digitalia Hispánica  |u https://www.digitaliapublishing.com/a/180869/ 
910 |a Premium collection: 2026